Guide to surviving redundancy and job-seeking (Record no. 110288)

MARC details
000 -LEADER
fixed length control field 01763cad a22002415a 4500
001 - CONTROL NUMBER
control field L148938
008 - FIXED-LENGTH DATA ELEMENTS--GENERAL INFORMATION
fixed length control field 091201s2009 xxk f 000 0 eng d
035 ## - SYSTEM CONTROL NUMBER
System control number (Sirsi) u148938
041 0# - LANGUAGE CODE
Language code of text/sound track or separate title eng
050 04 - LIBRARY OF CONGRESS CALL NUMBER
Classification number 331.128 $2 18
110 2# - MAIN ENTRY--CORPORATE NAME
Corporate name or jurisdiction name as entry element Royal Institution of Chartered Surveyors
9 (RLIN) 4900
245 00 - TITLE STATEMENT
Title Guide to surviving redundancy and job-seeking
Medium [electronic resource]
260 ## - PUBLICATION, DISTRIBUTION, ETC.
Place of publication, distribution, etc. London
Name of publisher, distributor, etc. RICS
Date of publication, distribution, etc. 2010
505 2# - FORMATTED CONTENTS NOTE
Formatted contents note Introduction -- What is redundancy? -- Feeling redundant: how to cope -- How can LionHeart help? -- What support can RICS offer you? -- How do personal debts affect my RICS Membership? -- How does Professional Indemnity Insurance (PII) work? -- State benefits, Jobseeker's allowance -- Will I be entitled to an income tax rebate? -- What support can I get from my local jobcentre? -- Income support -- Child Tax Credit -- Working Tax Credit -- Housing Benefit -- Council Tax Benefit -- Coping on a reduced income -- Pension plans and insurance -- Planning a new routine -- Job-seeking -- The interview -- APC/ATC candidates: your questions answered -- Other useful organisations
520 ## - SUMMARY, ETC.
Summary, etc. Provides guidance for members on how to face a redundancy and the practical steps to take. Explains redundancy payments and state benefits, how to cope with debts, how to keep positive in a difficult situation and how to seek new employment. Outlines ways RICS and LionHeart can help. Revised, April 2010.
590 ## - LOCAL NOTE (RLIN)
Local note KA
651 #4 - SUBJECT ADDED ENTRY--GEOGRAPHIC NAME
Geographic name United Kingdom
Chronological subdivision
690 ## - LOCAL SUBJECT ADDED ENTRY--TOPICAL TERM (OCLC, RLIN)
Topical term or geographic name as entry element MANAGEMENT-BUSINESS MANAGEMENT-PROFESSIONAL PRACTICE
710 1# - ADDED ENTRY--CORPORATE NAME
Corporate name or jurisdiction name as entry element LionHeart
710 1# - ADDED ENTRY--CORPORATE NAME
Corporate name or jurisdiction name as entry element Macdonald and Company
9 (RLIN) 3846
856 40 - ELECTRONIC LOCATION AND ACCESS
Uniform Resource Identifier <a href="https://www.rics.org/site/download_feed.aspx?fileID=6294&fileExtension=PDF">https://www.rics.org/site/download_feed.aspx?fileID=6294&fileExtension=PDF</a>
Public note View the guide free of charge at www.rics.org...
942 ## - ADDED ENTRY ELEMENTS (KOHA)
Suppress in OPAC 0
Holdings
Withdrawn status Lost status Source of classification or shelving scheme Damaged status Not for loan Home library Current library Shelving location Date acquired Total Checkouts Full call number Barcode Date last seen Copy number Price effective from Koha item type
    Dewey Decimal Classification     Virtual Virtual Online 01/12/2009   ONLINE PUBLICATION 148938-1001 06/08/2019 1 06/08/2019 Book